MARC details
| 000 -LEADER |
| fixed length control field |
01767cam a2200457 a 4500 |
| 001 - CONTROL NUMBER |
| control field |
49244454 |
| 003 - CONTROL NUMBER IDENTIFIER |
| control field |
OCoLC |
| 005 - DATE AND TIME OF LATEST TRANSACTION |
| control field |
20251119022735.0 |
| 008 - FIXED-LENGTH DATA ELEMENTS--GENERAL INFORMATION |
| fixed length control field |
020305t20021984nyua j 000 1 spa d |
| 020 ## - INTERNATIONAL STANDARD BOOK NUMBER |
| International Standard Book Number |
0439338050 |
| 020 ## - INTERNATIONAL STANDARD BOOK NUMBER |
| International Standard Book Number |
9780439338059 |
| 040 ## - CATALOGING SOURCE |
| Original cataloging agency |
MGI |
| Language of cataloging |
eng |
| Transcribing agency |
MGI |
| Modifying agency |
OCLCQ |
| -- |
IHI |
| -- |
YOL |
| -- |
UtOrBLW |
| 041 1# - LANGUAGE CODE |
| Language code of text/sound track or separate title |
spa |
| Language code of original |
eng |
| 050 #4 - LIBRARY OF CONGRESS CALL NUMBER |
| Classification number |
PZ73.W84737 |
| Item number |
Lit 2002 |
| 082 04 - DEWEY DECIMAL CLASSIFICATION NUMBER |
| Classification number |
E |
| Item number |
Wo |
| 092 ## - LOCALLY ASSIGNED DEWEY CALL NUMBER (OCLC) |
| Classification number |
SP E WOO |
| 100 1# - MAIN ENTRY--PERSONAL NAME |
| Personal name |
Wood, Don, |
| Dates associated with a name |
1945- |
| 240 10 - UNIFORM TITLE |
| Uniform title |
<a href="Little mouse, the red ripe strawberry, and the big hungry bear.">Little mouse, the red ripe strawberry, and the big hungry bear.</a> |
| Language of a work |
Spanish. |
| 245 13 - TITLE STATEMENT |
| Title |
El ratoncito, la fresa roja y madura, y el gran oso hambriento / |
| Statement of responsibility, etc. |
por Don y Audrey Wood ; ilustrado por Don Wood ; traducido por Teresa Mlawer. |
| 260 ## - PUBLICATION, DISTRIBUTION, ETC. (IMPRINT) |
| Place of publication, distribution, etc. |
New York : |
| Name of publisher, distributor, etc. |
Scholastic, |
| Date of publication, distribution, etc. |
[2002], c1984. |
| 264 #1 - PRODUCTION, PUBLICATION, DISTRIBUTION, MANUFACTURE, AND COPYRIGHT NOTICE |
| Place of production, publication, distribution, manufacture |
New York : |
| Name of producer, publisher, distributor, manufacturer |
Scholastic, |
| Date of production, publication, distribution, manufacture, or copyright notice |
[2002] |
| 264 #4 - PRODUCTION, PUBLICATION, DISTRIBUTION, MANUFACTURE, AND COPYRIGHT NOTICE |
| Date of production, publication, distribution, manufacture, or copyright notice |
c1984. |
| 300 ## - PHYSICAL DESCRIPTION |
| Extent |
1 volume (unpaged) : |
| Other physical details |
color illustrations ; |
| Dimensions |
25 cm. |
| 336 ## - CONTENT TYPE |
| Content type term |
text |
| Content type code |
txt |
| Source |
rdacontent. |
| 337 ## - MEDIA TYPE |
| Media type term |
unmediated |
| Media type code |
n |
| Source |
rdamedia. |
| 338 ## - CARRIER TYPE |
| Carrier type term |
volume |
| Carrier type code |
nc |
| Source |
rdacarrier. |
| 340 ## - PHYSICAL MEDIUM |
| Source |
rdaill. |
| 500 ## - GENERAL NOTE |
| General note |
Translation of: The little mouse, the red ripe strawberry, and the big hungry bear. |
| 500 ## - GENERAL NOTE |
| General note |
"This edition is only available for distribution through the school market"--P. [4] of cover. |
| 520 ## - SUMMARY, ETC. |
| Summary, etc. |
A little mouse is determined to keep a big hungry bear from eating the strawberry he has picked with much effort. |
| 521 8# - TARGET AUDIENCE NOTE |
| Target audience note |
AD570L |
| Source |
Lexile. |
| 526 0# - STUDY PROGRAM INFORMATION NOTE |
| Program name |
Accelerated Reader AR |
| Interest level |
LG |
| Reading level |
3.5 |
| Title point value |
0.5 |
| Public note |
105285. |
| 526 0# - STUDY PROGRAM INFORMATION NOTE |
| Program name |
Accelerated Reader |
| Interest level |
LG |
| Reading level |
3.5 |
| Title point value |
0.5 |
| Public note |
105285. |
| 650 #1 - SUBJECT ADDED ENTRY--TOPICAL TERM |
| Topical term or geographic name as entry element |
Mice |
| Form subdivision |
Fiction. |
| 650 #1 - SUBJECT ADDED ENTRY--TOPICAL TERM |
| Topical term or geographic name as entry element |
Strawberries |
| Form subdivision |
Fiction. |
| 650 #0 - SUBJECT ADDED ENTRY--TOPICAL TERM |
| Topical term or geographic name as entry element |
Spanish language materials |
| Form subdivision |
Juvenile fiction. |
| 655 #7 - INDEX TERM--GENRE/FORM |
| Genre/form data or focus term |
Picture books. |
| Source of term |
lcgft. |
| 700 1# - ADDED ENTRY--PERSONAL NAME |
| Personal name |
Wood, Audrey. |
| 700 1# - ADDED ENTRY--PERSONAL NAME |
| Personal name |
Mlawer, Teresa. |
| 942 ## - ADDED ENTRY ELEMENTS (KOHA) |
| Koha item type |
Libro/Book |